| 000 | 00604nam a2200205Ia 4500 | ||
|---|---|---|---|
| 003 | GCL | ||
| 008 | 140319s9999 xx 000 0 ara d | ||
| 020 | _a6039283977 | ||
| 040 |
_aGCL / _cGCL |
||
| 082 | 0 | 4 |
_a813.03 _bم هة |
| 100 | 1 | _aمصطفى ذكرى | |
| 245 | 1 | 0 |
_aهراء متاهة قوطية / _cمصطفى ذكرى |
| 250 | _aالاولى | ||
| 260 |
_aالقاهرة : _bدار شرقيات للنشر ، _c1997 |
||
| 300 |
_a92 سم ؛ _c19 ص |
||
| 650 | 0 | 4 | _aالادب العربى |
| 650 | 0 | 4 | _aالقصة العربية |
| 650 | 0 | 4 | _aالقصة القصيرة |
| 942 |
_2ddc _cBK |
||
| 999 |
_c2866 _d2866 |
||